Secrets of health (Record no. 78695)

MARC details
000 -LEADER
fixed length control field 00346nam a2200157Ia 4500
008 - FIXED-LENGTH DATA ELEMENTS--GENERAL INFORMATION
fixed length control field 230917s9999||||xx |||||||||||||| ||und||
020 ## - ISBN
Price RS110
040 ## - CATALOGING SOURCE
-- 949
Original cataloging agency VIVEKANANDA LIBRARY
041 ## - Language
-- English
082 ## - DDC NUMBER
Classification number 796.076137 B469S
100 ## - MAIN ENTRY--PERSONAL NAME
Personal name Bhim
245 #0 - TITLE STATEMENT
Title Secrets of health
260 ## - PUBLICATION, DISTRIBUTION, ETC. (IMPRINT)
Place of publication, distribution, etc Delhi
Name of publisher, distributor, etc Nirmal
Date of publication, distribution, etc 1993
300 ## - PHYSICAL DESCRIPTION
Pages 122 p.
942 ## - ADDED ENTRY ELEMENTS (KOHA)
Koha item type Books
Holdings
Withdrawn status Lost status Damaged status Not for loan Location (home branch) Sublocation or collection (holding branch) Date acquired Koha issues (times borrowed) Koha full call number Accession No. Koha date last seen Koha item type
        VIVEKANANDA LIBRARY VIVEKANANDA LIBRARY 08/08/2002   796.076137 B469S 154798 17/09/2023 Books
© Designed and Maintained by Vivekananda Library, MDU Rohtak